000 00601cam a22001457a 4500
008 180718b1996 xxu||||| |||| 00| 0 eng d
082 _aA81x54 91/23/PT12 A&B/N
100 _aCensus of India 1991
245 _aTamil Nadu district census handbook, Nilgiri: village and town directory, village and townwise primary census abstract
260 _aMadras
_bDirectorate of Census Operations
_c1996
300 _a233+p.
440 _aCensus of India 1991. Series-23, Tamil Nadu. Part XII-A&B
650 _aCities and towns - Directories - Census - India - Tamil Nadu - Nilgiri
650 _aNilgiri - Census
999 _c480915
_d480915